| 000 -LEADER |
| fixed length control field |
00954nam a22002177a 4500 |
| 003 - CONTROL NUMBER IDENTIFIER |
| control field |
OSt |
| 005 - DATE AND TIME OF LATEST TRANSACTION |
| control field |
20220610132631.0 |
| 008 - FIXED-LENGTH DATA ELEMENTS--GENERAL INFORMATION |
| fixed length control field |
180221b xxu||||| |||| 00| 0 spa d |
| 020 ## - INTERNATIONAL STANDARD BOOK NUMBER |
| International Standard Book Number |
9508941170 |
| 040 ## - CATALOGING SOURCE |
| Transcribing agency |
PJ |
| 100 ## - ASIENTO PRINCIPAL - NOMBRE DE PERSONA |
| Personal name |
Antonini, Mónica A. |
| 9 (RLIN) |
657 |
| 245 10 - MENCIÓN DE TÍTULO |
| Título propiamente dicho |
Ley de cooperación internacional en materia penal. La extradición y la opción |
| Mención de responsabilidad, etc |
Mónica A. Antonini. |
| 260 ## - PUBLICATION, DISTRIBUTION, ETC. (IMPRINT) |
| Place of publication, distribution, etc |
Buenos Aires : |
| Name of publisher, distributor, etc |
Ad-Hoc, |
| Date of publication, distribution, etc |
1998. |
| 300 ## - DESCRIPCION FISICA |
| Extent |
127 p. |
| Dimensions |
23 cm. |
| 500 ## - NOTA GENERAL |
| General note |
Notas y bibliografía al pie de página. |
| 505 ## - FORMATTED CONTENTS NOTE |
| Formatted contents note |
<br/>Capitulo I Origen de la extradición --Capitulo II Concepto y fundamentos de la extradición --Capitulo III Formas --Capitulo IV La opción a ser juzgado por los jueces nacionales. |
| Statement of responsibility |
MÓNICA A. ANTONINI |
| Title |
LEY DE COOPERACIÓN EN MATERIA PENAL .<br/>LA EXTRADICIÓN Y LA OPCIÓN |
| 650 #0 - ASIENTO SECUNDARIO DE MATERIA - TERMINO TEMATICO |
| 9 (RLIN) |
653 |
| Topical term or geographic name as entry element |
DERECHO INTERNACIONAL PENAL |
| 650 #0 - ASIENTO SECUNDARIO DE MATERIA - TERMINO TEMATICO |
| 9 (RLIN) |
397 |
| Topical term or geographic name as entry element |
PROCESAL PENAL |
| 650 #0 - ASIENTO SECUNDARIO DE MATERIA - TERMINO TEMATICO |
| Topical term or geographic name as entry element |
EXTRADICION |
| 9 (RLIN) |
658 |
| 942 ## - ADDED ENTRY ELEMENTS (KOHA) |
| Source of classification or shelving scheme |
|
| Koha item type |
Libros |
| Classification part |
341.44 |
| Item part |
ANT |